| 000 | 00859cam a2200241 4500 | ||
|---|---|---|---|
| 001 | L135376 | ||
| 002 | 11565 | ||
| 008 | 061020n2006 000 0 eng u | ||
| 020 |
_a0199288216 _a9780199288212 |
||
| 035 | _a(Sirsi) u135376 | ||
| 041 | 0 | _aeng | |
| 050 | 0 | 4 | _a346.41043 $2 18 |
| 100 | 1 | _aThomas, Meryl | |
| 245 | 0 | 0 | _aBlackstone's statutes on property law 2006-2007 |
| 250 | _a14th ed. | ||
| 260 |
_aOxford _bOxford University Press _c2006 |
||
| 300 |
_aviii, 446p. _c25cm. |
||
| 350 | _a14.99 | ||
| 520 | _aCovers all relevant legislation through to July 2006 including the Commons Act 2006 amending Law of Property Act 1925 and Land Registration Act 1925. Includes amendments to the Charities Bill 2005, Law of Property (Miscellaneous Provisions) Act 1989 and Settled Land Act 1925. | ||
| 590 | _aKA | ||
| 690 | _aPROPERTY | ||
| 942 | _n0 | ||
| 999 |
_c106029 _d106029 |
||